3-Letter Greek Letters Quiz Stats

 Plays Quiz not verified by Sporcle

Challenge
Share
Tweet
Score 0/6 Timer 01:30
0 Plays Today
English % Correct
phi
89.3%
rho
87.1%
psi
83.6%
chi
83.1%
tau
80.1%
eta
77.8%

You're not logged in!

Compare scores with friends on all Sporcle quizzes.
OR
Log In

You Might Also Like...

Show Comments

Extras

Top Quizzes Today


Score Distribution

Your Account Isn't Verified!

In order to create a playlist on Sporcle, you need to verify the email address you used during registration. Go to your Sporcle Settings to finish the process.

Report this User

Report this user for behavior that violates our Community Guidelines.

Details: